| 000 | 00614nam a2200205 4500 | ||
|---|---|---|---|
| 003 | LK-CoMWRAF | ||
| 005 | 20231115114207.0 | ||
| 008 | 231115b2003 |||||||| |||| 00| 0 eng d | ||
| 020 | _a 185168204X | ||
| 040 |
_aLK-CoMWRAF _dLK-CoMWRAF _eLK-CoMWRAF |
||
| 041 | _aeng | ||
| 082 |
_a297.09 _bRAH |
||
| 100 | _aRahman, Fazlur | ||
| 245 |
_aRevival and reform in Islam : _ba study of Islamic fundamentalism |
||
| 260 |
_aOxford: _bOneworld, _c2000 |
||
| 300 |
_aix, 226 p. ; 23 cm _bBibliography, index and glossary included |
||
| 650 | _aISLAMIC FUNDAMENTALISM | ||
| 700 |
_a Moosa, Ebrahim _eed. |
||
| 942 | _cBK | ||
| 999 |
_c4087 _d4087 |
||